Basic mapwork skills (Record no. 401316)

MARC details
000 -LEADER
fixed length control field 00263nam a2200097Ia 4500
082 ## - DEWEY DECIMAL CLASSIFICATION NUMBER
Classification number J ST 912.014 ROSS
008 - FIXED-LENGTH DATA ELEMENTS--GENERAL INFORMATION
fixed length control field 210817s9999 xx 000 0 und d
100 ## - MAIN ENTRY--PERSONAL NAME
Personal name ROSS, Simon Cheltenham, 2003
9 (RLIN) 95967
245 #0 - TITLE STATEMENT
Title Basic mapwork skills
942 ## - ADDED ENTRY ELEMENTS
item type Books

No items available.